000 00370pab a2200145 454500
008 180718b1955 xxu||||| |||| 00| 0 eng d
100 _aBapat, S.B.
245 _aThe training of the Indian Administrative Service
260 _c1955
300 _ap. 119-129
362 _aApr.-Jun
773 _aIndian Journal of Public Administration
908 _aN
909 _a87879
999 _c87879
_d87879